000 00212 a2200109 4500
020 _a081413004991
041 _aspa
100 _aAnonimo
245 _aThe Meerriam Webster Thesaurus
942 _cBK
952 _71
999 _c17321
_d17321